Kadra Brazylii na mundial 2022 - Statystyki

Ogólne statystyki
  • Ten quiz został rozwiązany 426 razy
  • Średni wynik to 14 z 26
Statystyki odpowiedzi
Pozycja Zawodnik % Poprawnych
Napastnik Neymar
94%
Bramkarz Alisson
91%
Bramkarz Ederson
89%
Napastnik Vinicius
81%
Napastnik Richarlison
73%
Obrońca Thiago Silva
73%
Napastnik Rodrygo
71%
Pomocnik Casemiro
68%
Obrońca Marquinhos
66%
Pomocnik Lucas Paqueta
63%
Obrońca Eder Militao
58%
Napastnik Gabriel Jesus
55%
Obrońca Dani Alves
54%
Obrońca Danilo
53%
Obrońca Alex Sandro
51%
Napastnik Raphinha
49%
Napastnik Antony
44%
Pomocnik Fred
41%
Bramkarz Weverton
37%
Pomocnik Fabinho
34%
Napastnik Gabriel Martinelli
33%
Pomocnik Bruno Guimaraes
28%
Napastnik Pedro
27%
Obrońca Bremer
25%
Obrońca Alex Telles
24%
Pomocnik Everton Ribeiro
7%
Nie znaleziono quizów pasujących do podanych kryteriów
Rozkład punktacji
Procent ludzi z każdym wynikiem
Percentyl według liczby udzielonych odpowiedzi
Twoja historia wyników
Nie rozwiązałeś tego quizu